Statistiques concernant Quelle aire urbaine? #2

Cliquez ici pour prendre le quiz!

Statistiques générales

  • Ce quiz a été pris 63 fois
  • Le résultat moyen est 13 sur 21

Statistiques - réponses

VilleAire Urbaine
% Correct
Schiltigheim
Strasbourg
92%
BondyParis
91%
Annecy le Vieux
Annecy
89%
MontpellierMontpellier
89%
BlagnacToulouse
81%
Le Grand Quevilly
Rouen
79%
AubagneMarseille Aix en Provence
77%
La Ciotat
Toulon
77%
Saint Jean de Luz
Bayonne
75%
WattrelosLille
75%
Saint Priest
Lyon
68%
Saint Laurent du Var
Nice
62%
TalenceBordeaux
53%
AnnemasseGenève Annemasse
53%
Saint Herblain
Nantes
53%
Cesson Sévigné
Rennes
49%
TinqueuxReims
32%
Nogent sur Oise
Creil
28%
MontivilliersLe Havre
25%
Wimereux
Boulogne sur Mer
23%
SénéVannes
13%

Distribution des résultats

Percentile par nombre de réponses

% des personnes avec chaque résultat

Votre développement - résultats

Vous n’avez pas pris ce quiz